Representaciones de la Costa Rica actual y anhelada y de los actores de la campaña electoral 2018
Guardado en:
| Hovedforfatter: | |
|---|---|
| Format: | Ukendt |
| Sprog: | Spanish |
| Udgivet: |
San José, Costa Rica
Universidad de Costa Rica, Facultad de Letras, Escuela de Filología, Lingüística y Literatura
2019
|
| Fag: | |
| Tags: |
Tilføj Tag
Ingen Tags, Vær først til at tagge denne postø!
|
MARC
| LEADER | 00000 a2200000 4500 | ||
|---|---|---|---|
| 008 | 190319b ||||| |||| 00| 0 spa d | ||
| 999 | |c 30869 |d 30869 | ||
| 040 | |a cru BVZT | ||
| 090 | |a TESIS 956 | ||
| 100 | |a Fernández Solís, Alejandra; Jiménez Vargas, Jackeline; Masís Chacón, Celenia; Molina Valverde, Natalia; Sibaja Villalobos, Ivannia; Tretti Beckles, Valentina | ||
| 245 | |a Representaciones de la Costa Rica actual y anhelada y de los actores de la campaña electoral 2018 |c Fernández Solís, Alejandra; Jiménez Vargas, Jackeline; Masís Chacón, Celenia; Molina Valverde, Natalia; Sibaja Villalobos, Ivannia; Tretti Beckles, Valentina | ||
| 260 | |a San José, Costa Rica |b Universidad de Costa Rica, Facultad de Letras, Escuela de Filología, Lingüística y Literatura |c 2019 | ||
| 300 | |a 395 páginas | ||
| 650 | |a TRABAJO FINAL DE GRADUACIÓN |9 237 | ||
| 650 | |a LICENCIATURA EN FILOLOGÍA ESPAÑOLA | ||
| 650 | |a ELECCIONES 2018 - POLÍTICA DEL PAÍS | ||
| 650 | |a LENGUAJE - DISCURSO - REPRESENTACIONES - IDENTIDADES - LO POLÍTICO | ||
| 650 | |a GÉNERO DISCURSIVO | ||
| 650 | |a COSTA RICA - ACTUAL Y ANHELADA | ||
| 650 | |a ACTORES POLÍTICOS - ESTRATEGIAS DISCURSIVAS | ||
| 650 | |a VALORACIÓN WHITE (2000) | ||
| 650 | |a ACTORES POLÍTICOS: FABRICIO ALVARADO, CARLOS ALVARADO | ||
| 650 | |a ACTORES COLECTIVOS: TRIBUNAL SUPREMO DE ELECCIONES, TELETICA (CANAL 7), ACTORES EN LAS ENTREVISTAS | ||
| 942 | |2 z |c TFG | ||
